La hermenéutica del sujeto: curso en el Collège de France: 1981-1982

Na minha lista:
Detalhes bibliográficos
Autor principal: Foucault, Michel (Author)
Formato: Livro
Idioma:espanhol
Publicado em: Ciudad de México Fondo de Cultura Económica 2002
Edição:2a. ed
Assuntos:
Tags: Adicionar Tag
Sem tags, seja o primeiro a adicionar uma tag!

MARC

LEADER 00000cam a2200000 a 4500
001 UCM8862
003 CL-VaPUC
008 030404e20020000MX |||||||||||||||||spa|d
082 0 4 |a 121  |b FOU  |2 21 
100 |a Foucault, Michel  |e author  |9 257945 
245 1 3 |a La hermenéutica del sujeto: curso en el Collège de France: 1981-1982 
250 |a 2a. ed 
300 |a 539 p 
942 |c BK 
945 |d 20030404 00:00:00  |a cmena 
260 |a Ciudad de México  |b Fondo de Cultura Económica  |c 2002 
650 0 |a Epistemología   |9 264994 
650 0 |a Verdad  |9 313815 
650 7 |a SER  |2 CL-VaPUC  |9 320176 
650 0 |a Teoría del conocimiento   |9 255038 
583 |a last modification  |c 20150505 01:13:01  |k Rodrigo Vera 
999 |c 303280  |d 303278 
952 |0 0  |1 0  |2 ddc  |3 erb  |4 0  |6 121_000000000000000_FOU_2002  |7 0  |8 A  |9 364475  |a BIBING  |b BIBING  |i 506984K  |o 121 FOU 2002  |p 506984K  |r 2025-01-20  |w 2019-11-21  |y BK  |z Catalogado en:20140502  |k GEO